| 000 | 00580nam a2200217Ia 4500 | ||
|---|---|---|---|
| 003 | OSt | ||
| 005 | 20230502154156.0 | ||
| 008 | 210423s2018 xx 000 0 und d | ||
| 020 | _a978-93-5287-281-7 | ||
| 040 | _cAL | ||
| 041 | _aeng | ||
| 082 |
_a332.4954 _223 _bCHAM |
||
| 100 |
_aCHATTOPADHYAY (Saumen) _996362 |
||
| 245 | _aMacroeconomics of the black economy | ||
| 260 |
_aHyderabad _bOrient Blackswan _c2018 |
||
| 300 |
_axx,276 _bHB |
||
| 365 |
_b950 _cINR |
||
| 650 |
_aFinancial Economics _996363 |
||
| 906 | _ablack ; economy ; Macroeconomics | ||
| 942 |
_cBK _2ddc |
||
| 999 |
_c170811 _d170811 |
||